[Event "Stay Safe Play From Home 238"]
[Site "Emanuel Lasker Arena"]
[Date "2020.06.19"]
[Round "2"]
[White "Greblah"]
[Black "Mandy"]
[Result "1-0"]
[WhiteElo "1916"]
[BlackElo "1008"]
[Annotator "TA"]
[PlyCount "39"]
[EventDate "2020.06.19"]
[EventType "swiss (blitz)"]

{[%evp 9,39,42,42,32,44,33,45,0,0,7,18,-41,0,-41,-40,-46,-20,-24,-8,-28,-15,-58,99,-60,-63,-52,282,287,456,445,475,456]} 1. e4 c6 2. d4 d5 3. exd5 cxd5 4. Bd3 Be6 {[#]} 5. Ne2 $146 ({Predecessor:} 5. Bf4 Nc6 6. c3 Nf6 7. Nf3 Bg4 8. Nfd2 e6 9. O-O Bd6 10. Bg3 O-O 11. h3 Bf5 12. Bxf5 exf5 {1-0 (28) Krasikova,M-Marrufo,E Willingen 2018}) 5... Nf6 6. O-O {B13: Caro-Kann: Exchange Variation and Panov-Botvinnik Attack.} g6 7. c3 Bf5 8. Ng3 {White is slightly better.} Bxd3 9. Qxd3 Bg7 10. f4 ({White should try} 10. Re1 $11) 10... O-O 11. Nd2 e6 12. Nf3 Nbd7 13. Ne5 Qe7 14. Be3 Rad8 15. h4 {[#]} b6 $2 (15... Ng4 $1 $15 {[%mdl 512]} 16. Nxg4 Qxh4 {[%mdl 64] Double Attack}) 16. Nxd7 $2 (16. Nc6 $16 Qe8 17. Nxd8 Qxd8 18. Rf3) 16... Nxd7 17. h5 g5 $2 {[%mdl 8192]} (17... f5 $15 {stays ahead.}) 18. fxg5 $18 f6 (18... f5 {was necessary.} 19. h6 Bh8) 19. h6 Bh8 20. g6 {Accuracy: White = 52%, Black = 51%.} 1-0

[Event "Stay Safe Play From Home 238"]
[Site "Emanuel Lasker Arena"]
[Date "2020.06.19"]
[Round "2"]
[White "Justwatch"]
[Black "Lamborghini"]
[Result "0-1"]
[WhiteElo "1812"]
[BlackElo "2300"]
[Annotator "TA"]
[PlyCount "66"]
[EventDate "2020.06.19"]
[EventType "swiss (blitz)"]

{[%evp 9,66,31,29,8,25,19,52,-72,-68,-70,-55,-68,-68,-154,-156,-262,-181,-279,-185,-279,-189,-194,-175,-196,-199,-237,-219,-252,-245,-247,-245,-283,-214,-411,-417,-445,-300,-404,-329,-1640,-1643,-1904,-1858,-29988,-29989,-29989,-29990,-29986,-2242,-29986,-2030,-29980,-29981,-29991,12,-29991,-29992,-29992,-29991]} 1. e4 g6 2. Bc4 Bg7 3. Nc3 e6 4. Nf3 Ne7 5. Bb3 O-O {[#]} 6. d3 $146 {B06: Modern Defence.} ({Predecessor:} 6. O-O Nbc6 7. d3 f5 8. Bg5 h6 9. Bxe7 Qxe7 10. exf5 Rxf5 11. Re1 Bxc3 12. bxc3 {0-1 (30) Lengvinaite,L-Sevcenko,P (1162) Klaipeda 2019}) 6... c5 7. Bg5 h6 8. Bxe7 (8. Be3 $14 {keeps the upper hand.}) 8... Qxe7 $17 9. O-O d6 10. h3 Nc6 11. Ne2 (11. Qc1 $15) 11... Bxb2 12. Ng3 (12. Rb1 $17 {only move.} Bg7 13. Ba4) 12... Bg7 13. a3 (13. Rc1 $142) 13... b6 14. Re1 (14. Ba4 $142 Bb7 15. Rb1) 14... Bb7 15. Rb1 Rad8 16. Nh2 Na5 {[%cal Bc6a5,Ba5c4,Bc4e3][%mdl 32]} 17. Kh1 Qc7 18. f4 c4 19. dxc4 Nxc4 20. a4 d5 {Threatens to win with ...dxe4.} 21. exd5 $2 (21. e5) 21... Bxd5 $19 22. Qg4 Qc6 23. Rg1 {[#]} Ne3 $1 {[%cal Rd5g2]} 24. Nf3 $2 (24. Qe2 Bd4 25. c3 $1 {[%mdl 512]} Qxc3 26. Rgc1 Bxg2+ 27. Qxg2 Qxc1+ 28. Rxc1 Nxg2 29. Kxg2) 24... Nxg4 25. hxg4 Bxf3 26. gxf3 Qxf3+ {[%mdl 64] Double Attack} 27. Rg2 Rd2 {[%csl Gd2][%cal Rf3g2]} 28. Rbg1 Qxf4 (28... Bd4 $142 29. Bc4 Bxg1 {[%mdl 64] Pin} 30. Be2 Qxf4 31. Rxg1 Rxc2 32. Rg2 Rc3 33. Nf1 Rfc8 34. Kg1 Rc2 35. Rh2 Qxh2+ $1 {[%mdl 576] Remove Defender} 36. Kxh2 Rxe2+ 37. Kg1 Rc1 $1 {[%mdl 512]} 38. a5 bxa5 39. g5 hxg5 40. Kh1 Rxf1#) 29. Kh2 Qg5 (29... Be5 $142 30. Rxd2 Qxd2+ 31. Kh3 Qe3 32. Rg2 Rd8 33. c3 Rd3 $1 {[%mdl 512]} 34. Bxe6 fxe6 35. a5 Bxg3 36. Rb2 Be5+ {[%mdl 64] Discovered Attack} 37. Kg2 Qf3+ {[%mdl 64] Double Attack} 38. Kg1 Rd1#) 30. Kh3 Be5 31. Ne4 h5 $2 (31... Qe3+ {mates} 32. Ng3 Rfd8 33. c3 {[#]} R8d3 $1 {[%mdl 512]} 34. Bc4 Rxg2 35. Rxg2 Bxg3 36. Rc2 Bf2+ 37. Kg2 Qf3+ {[%mdl 64] Double Attack} 38. Kh2 Qh3#) 32. Nxd2 $4 {[%mdl 8192]} (32. Nxg5 $11 hxg4+ 33. Kxg4 Rd4+ 34. Kf3) 32... hxg4+ 33. Rxg4 Qe3+ {Black took control after the opening. Accuracy: White = 19%, Black = 48%.} 0-1

[Event "Stay Safe Play From Home 238"]
[Site "Emanuel Lasker Arena"]
[Date "2020.06.19"]
[Round "2"]
[White "Bishop91"]
[Black "Chase the sun"]
[Result "0-1"]
[WhiteElo "1616"]
[BlackElo "1799"]
[Annotator "NA RC"]
[PlyCount "74"]
[EventDate "2020.06.19"]
[EventType "swiss (blitz)"]

1. e4 {[%emt 0:00:01]} e6 {[%emt 0:00:01]} 2. d4 {[%emt 0:00:03]} d5 {[%emt 0:00:01]} 3. e5 {[%emt 0:00:00]} c5 {[%emt 0:00:01]} 4. c3 {[%emt 0:00:00]} Nc6 {[%emt 0:00:01]} 5. Nf3 {[%emt 0:00:01]} Qb6 {[%emt 0:00:01]} 6. Be2 {[%emt 0:00:03]} Nh6 {[%emt 0:00:02]} 7. Bxh6 {[%emt 0:00:21]} gxh6 {[%emt 0:00:00]} 8. b3 {[%emt 0:00:00]} cxd4 {[%emt 0:00:04]} 9. cxd4 {[%emt 0:00:03]} Bb4+ {[%emt 0:00:01]} 10. Nbd2 {[%emt 0:00:01]} Nxd4 {[%emt 0:00:01]} 11. Nxd4 {[%emt 0:00:00]} Qxd4 {[%emt 0:00:00]} 12. Bb5+ {[%emt 0:00:07]} Bd7 {[%emt 0:00:04]} 13. Bxd7+ {[%emt 0:00:01]} Kxd7 {[%emt 0:00:00]} 14. Rc1 {[%emt 0:00:01]} Qxe5+ {[%emt 0:00:01]} 15. Qe2 {[%emt 0:00:01]} Bxd2+ {[%emt 0:00:03]} 16. Kxd2 {[%emt 0:00:02]} Qxe2+ {[%emt 0:00:00]} 17. Kxe2 {[%emt 0:00:01]} Rac8 {[%emt 0:00:01]} 18. Kd2 {[%emt 0:00:01]} Rxc1 {[%emt 0:00:02]} 19. Rxc1 {[%emt 0:00:00]} Rc8 {[%emt 0:00:01]} 20. Re1 {[%emt 0:00:00]} Kd6 {[%emt 0:00:02]} 21. Re3 {[%emt 0:00:01]} e5 {[%emt 0:00:03]} 22. Rh3 {[%emt 0:00:01]} f6 {[%emt 0:00:04]} 23. Rxh6 {[%emt 0:00:00]} Ke6 {[%emt 0:00:02]} 24. Rxh7 {[%emt 0:00:00]} d4 {[%emt 0:00:01]} 25. Rxb7 {[%emt 0:00:01]} e4 {[%emt 0:00:02]} 26. Rxa7 {[%emt 0:00:00]} f5 {[%emt 0:00:03]} 27. Ra6+ {[%emt 0:00:00]} Ke5 {[%emt 0:00:01]} 28. Ra5+ {[%emt 0:00:00]} Kf4 {[%emt 0:00:01]} 29. g3+ {[%emt 0:00:02]} Kf3 {[%emt 0:00:01]} 30. Rxf5+ {[%emt 0:00:01]} Kg2 {[%emt 0:00:01]} 31. Rf4 {[%emt 0:00:00]} e3+ {[%emt 0:00:02]} 32. fxe3 {[%emt 0:00:01]} dxe3+ {[%emt 0:00:00]} 33. Kxe3 {[%emt 0:00:00]} Rc2 {[%emt 0:00:01]} 34. Rg4 {[%emt 0:00:02]} Rxa2 {[%emt 0:00:01]} 35. b4 {[%emt 0:00:02]} Rb2 {[%emt 0:00:00]} 36. Rh4 {[%emt 0:00:02]} Rb3+ {[%emt 0:00:02]} 37. Kf4 {[%emt 0:00:01]} Rb2 {[%emt 0:00:00] Time (Lag: Av=0.44s, max=1.1s)} 0-1

[Event "Stay Safe Play From Home 238"]
[Site "Emanuel Lasker Arena"]
[Date "2020.06.19"]
[Round "2"]
[White "Klasman"]
[Black "Trotsky"]
[Result "0-1"]
[WhiteElo "1242"]
[BlackElo "1512"]
[Annotator "NA RC"]
[PlyCount "52"]
[EventDate "2020.06.19"]
[EventType "swiss (blitz)"]

1. f4 {[%emt 0:00:01]} d5 {[%emt 0:00:01]} 2. Nf3 {[%emt 0:00:01]} e6 {[%emt 0:00:00]} 3. e3 {[%emt 0:00:01]} c5 {[%emt 0:00:00]} 4. c4 {[%emt 0:00:01]} Nc6 {[%emt 0:00:01]} 5. d4 {[%emt 0:00:01]} Bd6 {[%emt 0:00:02]} 6. Nc3 {[%emt 0:00:02]} Nf6 {[%emt 0:00:01]} 7. Ne5 {[%emt 0:00:01]} a6 {[%emt 0:00:01]} 8. g4 {[%emt 0:00:03]} Qc7 {[%emt 0:00:01]} 9. g5 {[%emt 0:00:02]} Nxe5 {[%emt 0:00:03]} 10. dxe5 {[%emt 0:00:04]} Bxe5 {[%emt 0:00:01]} 11. fxe5 {[%emt 0:00:01]} Qxe5 {[%emt 0:00:03]} 12. gxf6 {[%emt 0:00:02]} gxf6 {[%emt 0:00:01]} 13. Qf3 {[%emt 0:00:02]} b6 {[%emt 0:00:01]} 14. Bg2 {[%emt 0:00:02]} Bb7 {[%emt 0:00:01]} 15. cxd5 {[%emt 0:00:02]} O-O-O {[%emt 0:00:03]} 16. Bd2 {[%emt 0:00:03]} exd5 {[%emt 0:00:01]} 17. O-O {[%emt 0:00:03]} h5 {[%emt 0:00:03]} 18. Bh3+ {[%emt 0:00:02]} Kb8 {[%emt 0:00:02]} 19. Qxf6 {[%emt 0:00:01]} Rhg8+ {[%emt 0:00:04]} 20. Kh1 {[%emt 0:00:10]} d4+ {[%emt 0:00:01]} 21. e4 {[%emt 0:00:02]} Bxe4+ {[%emt 0:00:02]} 22. Nxe4 {[%emt 0:00:03]} Qxe4+ {[%emt 0:00:01]} 23. Qf3 {[%emt 0:00:02]} Qxf3+ {[%emt 0:00:03]} 24. Rxf3 {[%emt 0:00:01]} Rde8 {[%emt 0:00:01]} 25. Bf4+ {[%emt 0:00:02]} Ka7 {[%emt 0:00:02]} 26. Bg3 {[%emt 0:00:05]} Re2 {[%emt 0:00:01] Time (Lag: Av=0.31s, max=0.6s) .} 0-1

[Event "Stay Safe Play From Home 238"]
[Site "Emanuel Lasker Arena"]
[Date "2020.06.19"]
[Round "3"]
[White "Mepe_Nika"]
[Black "Lamborghini"]
[Result "1-0"]
[WhiteElo "2392"]
[BlackElo "2302"]
[Annotator "TA"]
[PlyCount "83"]
[EventDate "2020.06.19"]
[EventType "swiss (blitz)"]

{[%evp 9,83,25,43,54,49,20,59,8,60,16,31,24,23,14,33,22,20,25,15,12,20,-18,0,-11,0,-34,-29,-26,-29,-54,-14,-25,0,-8,0,-87,-80,-140,-72,-112,-68,-127,1,-23,-17,-18,8,0,0,0,41,0,19,-85,-32,-135,-128,-110,-24,-283,-52,-52,-49,-431,220,225,635,127,6103,5097,29976,29977,29985,29980,29995,-611]} 1. d4 g6 2. Bf4 Bg7 3. e3 c5 4. c3 cxd4 5. cxd4 Nc6 6. Nc3 {A40: Unusual replies to 1 d4.} Nf6 7. Nf3 (7. d5 $5 {[%cal Rd5c6]}) 7... O-O 8. h3 ({White should try} 8. d5 $14) 8... b6 (8... d6 $11) 9. Be2 (9. d5 $5 {[%cal Rd5c6]} Nb4 10. e4 $14) 9... Bb7 10. O-O {[#]} Rc8 $146 ({Predecessor:} 10... d6 11. a3 Rc8 12. Qa4 a6 13. Rfc1 Qd7 14. Qd1 b5 15. Bh2 Rfe8 16. Rc2 Na5 {½-½ (76) Mrkonjic,N (2360)-Philippe,C (2411) playchess.com INT 2005}) 11. Rc1 d6 12. a3 Na5 13. Nd2 Nd5 14. Nxd5 Bxd5 15. Bf3 {Hoping for Rxc8.} Bxf3 16. Nxf3 Qd7 17. b4 Nc4 18. Qd3 b5 {[%cal Bb6b5,Bb5a4][%mdl 32]} 19. Nd2 d5 20. Nb3 e6 21. Nc5 Qe7 22. a4 (22. Rb1 $11) 22... bxa4 $17 23. Ra1 ({White should play} 23. Nxa4 Qxb4 24. Ra1) 23... Rfd8 (23... a3 $142 24. Rxa3 Nxa3 25. Qxa3 Rfd8) 24. Rfb1 e5 25. dxe5 {[#]} (25. Bxe5 $1 $15 Bxe5 26. dxe5) 25... Nxe5 ({Reject} 25... Bxe5 $6 26. Bxe5 Nxe5 27. Qa6 $11) (25... a3 $1 $17 26. Nb3 Qxb4) 26. Bxe5 Bxe5 27. Rxa4 Rb8 28. Na6 Rb6 29. b5 {next Nb4 is good for White.} Bd6 30. g3 Qe6 31. Ra2 (31. Kg2 $11 {keeps the balance.}) 31... Qxh3 (31... d4 $17 32. Rd2 dxe3 33. Qxe3 Qxe3 34. fxe3 Rc8) 32. Qf1 (32. Nb4 $1 $15) 32... Qf5 33. Rd2 d4 (33... Bf8 $17 34. Qd3 Qxd3 35. Rxd3 Bg7) 34. Rbd1 $2 {[%mdl 8192]} (34. Rxd4 $11 Be7 35. e4) 34... Rxb5 $2 (34... dxe3 $19 35. Rd5 Qe6) 35. Rxd4 $15 Rb6 36. Nc5 $2 {[%mdl 8192]} ({Better is} 36. Rd5 $15 Qf3 37. R5d4) 36... Bxc5 $4 {[%mdl 8192]} (36... Qxc5 $19 37. Qd3 Qe5) 37. Rxd8+ $18 Kg7 $2 {[#]} (37... Bf8 38. Ra8 Rb2 39. Rxa7 (39. Rdd8 Kg7 $18) 39... h5) 38. R1d5 $2 (38. R8d5 $1 $18 {[%cal Rd5f5] and the rest is easy.} Qc8 39. Qc4) 38... Rf6 $2 {[%mdl 8192]} (38... Qc2 $16) 39. Rxf5 Rxf5 40. Qa1+ {White mates.} Rf6 41. Rc8 Bd4 42. Rc6 $4 {[%mdl 40960] Accuracy: White = 34%, Black = 34%. . Loss on time!?} (42. Qxd4 {and life is good for White.} h5 43. Rc6 Kh7 44. Qxf6 Kh6 45. Qxf7 Kg5 46. Rxg6#) 1-0

[Event "Stay Safe Play From Home 238"]
[Site "Emanuel Lasker Arena"]
[Date "2020.06.19"]
[Round "3"]
[White "Toosieslide"]
[Black "Meini"]
[Result "1-0"]
[WhiteElo "2234"]
[BlackElo "1623"]
[Annotator "TA"]
[PlyCount "39"]
[EventDate "2020.06.19"]
[EventType "swiss (blitz)"]

{[%evp 18,39,9,23,17,13,22,16,72,78,73,73,60,64,74,47,89,61,65,19,87,57,1970,1877]} 1. d4 d5 2. c4 c6 3. Nc3 Nf6 4. Nf3 e6 5. g3 Be7 6. Bg2 O-O 7. O-O b6 8. b3 Bb7 9. Nd2 Nbd7 10. e4 dxe4 {E07: Closed Catalan: Main Line (5 Nf3 0-0 6 0-0 Nbd7).} 11. Ndxe4 Nxe4 12. Nxe4 {[#]} Qc7 $146 (12... f5 $11 {keeps the balance.}) ({Predecessor:} 12... Nf6 13. Be3 Qd7 14. Qe2 Nxe4 15. Bxe4 c5 16. d5 exd5 17. cxd5 Bf6 18. Rad1 Rfe8 {0-1 (49) Tkachiev,V (2625)-Michalik,P (2557) Dubai 2014}) 13. Bf4 $16 Qc8 14. Nd6 Bxd6 15. Bxd6 Rd8 16. c5 b5 17. Qg4 Nf6 18. Qh4 Qd7 (18... Ne8 $1 $11 {remains equal.}) 19. Rae1 Qe7 $2 {[%mdl 8192] [#]} (19... Ne8 $14) 20. Bxe7 1-0

[Event "Stay Safe Play From Home 238"]
[Site "Emanuel Lasker Arena"]
[Date "2020.06.19"]
[Round "3"]
[White "Tolka"]
[Black "Little champs"]
[Result "1-0"]
[WhiteElo "2185"]
[BlackElo "2252"]
[Annotator "TA"]
[PlyCount "101"]
[EventDate "2020.06.19"]
[EventType "swiss (blitz)"]

{[%evp 9,100,-35,-36,-37,-10,-16,-15,-18,-10,-16,0,-2,4,-12,0,-11,-5,0,31,33,29,29,36,29,54,44,55,47,70,75,92,65,105,73,75,58,69,54,59,48,49,24,59,38,38,48,47,32,31,32,31,-52,-54,-77,0,0,18,0,0,-339,-240,-285,-320,-480,-480,-474,-470,-455,-369,-356,-281,-429,-219,-222,44,49,212,207,1786,1804,29985,29986,29992,29988,29989,29990,29990,29991,29991,29992,29992,29993,29999]} 1. e4 c6 2. Nf3 d5 3. Nc3 d4 4. Ne2 c5 5. d3 Nc6 6. g3 {B11: Caro-Kann: Two Knights Variation.} g6 7. Bg2 Bg7 8. O-O {The position is equal.} Nf6 9. Nd2 O-O {[#]} 10. a4 $146 ({Predecessor:} 10. h3 e5 11. f4 Bd7 12. g4 exf4 13. Nxf4 Ne5 14. Nf3 Qc7 15. b3 Rad8 16. Nxe5 Qxe5 {0-1 (46) Tartes,U-Narva,T (2103) Puhajarve 2018}) 10... e5 11. h3 Ne8 12. f4 f6 13. Nc4 Nd6 14. Nxd6 Qxd6 15. f5 Bd7 16. g4 Rae8 17. Ng3 a6 18. a5 Qc7 19. Bd2 Nb4 20. Rf2 Nc6 21. Kh2 g5 22. Bf3 Re7 23. Kg2 h6 24. Rf1 Be8 25. Rh1 Bf7 26. b3 Nb4 27. h4 Rd8 28. hxg5 hxg5 29. Rh2 Red7 30. Bxb4 ({White should play} 30. Kf1 $14) 30... cxb4 $15 31. Qd2 Qc3 ({Better is} 31... Rc8 $17 32. Ra2 Bf8) 32. Qxc3 $11 dxc3 33. Rah1 Rc7 34. Kf1 $2 {[%mdl 8192] [#]} (34. Be2 $11) 34... Rc5 35. Ne2 Rxa5 36. Kf2 (36. Ng3 $142) 36... Ra2 $19 37. Rc1 a5 38. Ke3 a4 39. bxa4 Rxa4 40. d4 (40. Rf1 $142) 40... Bc4 (40... b3 $142 41. d5 b2) 41. d5 Bxe2 $2 (41... Ra2 $19 {Hoping for ...Rc8.} 42. Bg2 Bxe2 43. Kxe2 b3) 42. Bxe2 $14 Ra2 $2 {Black cannot hold the game after this.} (42... Ra5 $14) 43. Bc4 $18 Kf8 $2 (43... b3) 44. Bxa2 b5 45. Bb3 {White mates.} Rb8 46. Rch1 Ra8 {[#]} 47. Rh8+ $1 Bxh8 48. Rxh8+ Ke7 49. Rxa8 Kd6 50. Ra6+ Kc5 51. Rc6# {Accuracy: White = 69%, Black = 53%.} 1-0

[Event "Stay Safe Play From Home 238"]
[Site "Emanuel Lasker Arena"]
[Date "2020.06.19"]
[Round "3"]
[White "SoulofWolf"]
[Black "Robk"]
[Result "1-0"]
[WhiteElo "2134"]
[BlackElo "1620"]
[Annotator "TA"]
[PlyCount "59"]
[EventDate "2020.06.19"]
[EventType "swiss (blitz)"]

{[%evp 11,59,9,5,9,16,16,20,12,21,19,30,-10,40,6,145,99,167,36,150,164,158,145,551,188,272,281,516,518,604,608,1004,430,778,779,708,378,378,377,413,401,408,401,595,586,644,617,781,783,775,770]} 1. d3 d6 2. Nf3 c5 3. e4 Nc6 4. g3 e6 5. Bg2 Nf6 6. O-O Be7 7. b3 {B30: Sicilian: 2...Nc6 3 Bb5, lines without ...g6.} O-O 8. Bb2 Bd7 9. a4 {The position is equal.} a6 10. Nbd2 b5 {[#]} 11. c4 $146 ({Predecessor:} 11. axb5 axb5 12. Rxa8 Qxa8 13. e5 dxe5 14. Nxe5 Qb7 15. Nxd7 Qxd7 16. Qa1 Nd4 17. Bxd4 cxd4 {½-½ (41) Korenevski,O (1823)-Kosina,V (1715) Marianske Lazne 2016}) 11... b4 12. d4 a5 (12... cxd4 $11 {keeps the balance.} 13. Nxd4 Nxd4 14. Bxd4 e5) 13. d5 exd5 (13... Nd4 $16) 14. exd5 (14. cxd5 $18 Nb8 15. Re1) 14... Ne5 (14... Na7 $14) 15. Nxe5 $16 dxe5 16. Bxe5 {[#] Threatens to win with d6.} Bd6 $2 {[%mdl 8192] This move loses the game for Black.} (16... Ng4 $16 {is a better chance.}) 17. f4 $2 (17. Bxd6 Bg4 18. f3 Bxf3 19. Qxf3 Qxd6 20. Rae1) 17... Bxe5 (17... Bf5 $142 18. h3 h6) 18. fxe5 $18 Ne8 $2 (18... Bg4) 19. Qh5 g6 20. Qh6 Ng7 21. Be4 (21. Ne4 $142) 21... Nf5 (21... f6 $142 22. e6 Bc8) 22. Bxf5 Bxf5 23. Nf3 {Black must now prevent Ng5.} f6 24. e6 Qe7 25. Kg2 Qg7 26. Qe3 Rfe8 (26... Qe7 $142 27. Nh4 {[%mdl 64] Discovered Attack} Bg4) 27. Qxc5 {White is clearly winning.} Rac8 28. Qxa5 Bxe6 29. dxe6 Rxe6 {[#]} 30. Qd5 $1 {Accuracy: White = 46%, Black = 19%.} 1-0

[Event "Stay Safe Play From Home 238"]
[Site "Emanuel Lasker Arena"]
[Date "2020.06.19"]
[Round "3"]
[White "Chase the sun"]
[Black "MarkonY"]
[Result "0-1"]
[WhiteElo "1807"]
[BlackElo "2317"]
[Annotator "TA"]
[PlyCount "62"]
[EventDate "2020.06.19"]
[EventType "swiss (blitz)"]

{[%evp 19,62,37,55,53,69,58,82,81,85,24,79,48,83,82,87,-44,-23,-46,37,37,31,-127,-9,-100,0,0,2,0,126,-66,-69,-69,-84,-433,-430,-392,-102,-98,-98,-467,0,-29989,-29990,-29994,-29990]} 1. e4 c5 2. Nc3 g6 3. f4 Bg7 4. Nf3 Nc6 5. g3 d6 6. Bg2 Nf6 7. d3 O-O 8. O-O Bg4 9. h3 Bxf3 10. Qxf3 {The main line 10.Qxf3 scores better than 10.Bxf3.} Nd4 11. Qf2 {[#] B25: Closed Sicilian: 3 g3, lines without early Be3.} Ne8 $146 ({Predecessor:} 11... Nd7 12. Be3 e6 13. Rae1 Qa5 14. g4 Rab8 15. Kh1 b5 16. e5 d5 17. f5 Bxe5 {0-1 (36) Stellwagen,D (2639)-Khenkin,I (2600) Germany 2007}) 12. f5 Nc7 13. g4 {White is better.} Rb8 14. g5 (14. Be3 $16) 14... b5 (14... f6 $1 $11) 15. f6 exf6 16. gxf6 Bh8 17. Bh6 (17. Nd1 $16) 17... Re8 $15 18. Bg7 Nce6 (18... Bxg7 $15 19. fxg7 Kxg7) 19. Bxh8 $14 Kxh8 20. Qh4 $2 (20. h4 $14 {stays ahead.}) 20... Rg8 (20... Nxc2 $17 21. Rac1 Ne3) 21. Nd5 (21. Qf2 $11 {remains equal.}) 21... g5 (21... Nxc2 $17 22. Rad1 Nc7) 22. Qh5 $11 Rg6 23. Ne7 {Hoping for Rf2.} Nf4 (23... Nxc2 $11 24. Rab1 (24. Nxg6+ fxg6 25. Qg4 Qd7 $15) 24... Ncd4) 24. Rxf4 $2 (24. Nxg6+ $16 Nxg6 25. Rf2 (25. Qxg5 Nxc2 26. Rac1 Nd4 $16)) 24... gxf4 $15 25. Nxg6+ fxg6 26. Qd5 $2 {[%mdl 8192]} (26. Qh4 $17) 26... Qxf6 $19 {[#] Threatens to win with ...f3.} 27. c3 f3 $2 (27... Ne2+ $19 28. Kf1 Ng3+ 29. Kf2 b4) 28. cxd4 $17 {aiming for e5.} fxg2 29. Kxg2 $2 {[%mdl 8192]} (29. e5 $17 {was the crucial defense.} Qf5 30. Kxg2) 29... cxd4 $2 (29... Rf8 $19 {( -> ...Qf3+)} 30. Rg1 cxd4) 30. Qxd4 $2 {[%mdl 8192] [#]} (30. Rf1 $11 Qe5 31. Qxe5+ dxe5 32. Rc1) 30... Qxd4 31. Rc1 Rf8 {Accuracy: White = 28%, Black = 31%.} 0-1

[Event "Stay Safe Play From Home 238"]
[Site "Emanuel Lasker Arena"]
[Date "2020.06.19"]
[Round "3"]
[White "Grazie"]
[Black "Bishop91"]
[Result "0-1"]
[WhiteElo "1807"]
[BlackElo "1607"]
[Annotator "NA RC"]
[PlyCount "76"]
[EventDate "2020.06.19"]
[EventType "swiss (blitz)"]

1. d4 {[%emt 0:00:01]} d5 {[%emt 0:00:01]} 2. c3 {[%emt 0:00:00]} e5 {[%emt 0:00:01]} 3. g3 {[%emt 0:00:00]} e4 {[%emt 0:00:02]} 4. Bg2 {[%emt 0:00:00]} f5 {[%emt 0:00:01]} 5. f3 {[%emt 0:00:00]} Nf6 {[%emt 0:00:01]} 6. Bg5 {[%emt 0:00:01]} h6 {[%emt 0:00:01]} 7. Bxf6 {[%emt 0:00:01]} Qxf6 {[%emt 0:00:01]} 8. Nd2 {[%emt 0:00:01]} e3 {[%emt 0:00:01]} 9. Nf1 {[%emt 0:00:01]} f4 {[%emt 0:00:01]} 10. g4 {[%emt 0:00:01]} g5 {[%emt 0:00:02]} 11. Qb3 {[%emt 0:00:02]} Nc6 {[%emt 0:00:02]} 12. Qxd5 {[%emt 0:00:05]} Be6 {[%emt 0:00:01]} 13. Qb5 {[%emt 0:00:01]} O-O-O {[%emt 0:00:01]} 14. b4 {[%emt 0:00:06]} a6 {[%emt 0:00:01]} 15. Qd3 {[%emt 0:00:01]} Nxb4 {[%emt 0:00:06]} 16. cxb4 {[%emt 0:00:04]} Bxb4+ {[%emt 0:00:00]} 17. Kd1 {[%emt 0:00:03]} Bd7 {[%emt 0:00:01]} 18. a4 {[%emt 0:00:04]} Qc6 {[%emt 0:00:04]} 19. Nxe3 {[%emt 0:00:06]} fxe3 {[%emt 0:00:02]} 20. Qxe3 {[%emt 0:00:01]} Rhe8 {[%emt 0:00:01]} 21. Qd3 {[%emt 0:00:02]} Bxg4 {[%emt 0:00:01]} 22. Bh3 {[%emt 0:00:04]} Bxh3 {[%emt 0:00:02]} 23. Nxh3 {[%emt 0:00:01]} Rxd4 {[%emt 0:00:03]} 24. Qxd4 {[%emt 0:00:02]} Rd8 {[%emt 0:00:00]} 25. Qxd8+ {[%emt 0:00:01]} Kxd8 {[%emt 0:00:01]} 26. Rc1 {[%emt 0:00:02]} Qd5+ {[%emt 0:00:01]} 27. Kc2 {[%emt 0:00:01]} Qd4 {[%emt 0:00:01]} 28. Rcd1 {[%emt 0:00:01]} c5 {[%emt 0:00:04]} 29. Rxd4+ {[%emt 0:00:01]} cxd4 {[%emt 0:00:00]} 30. Nf2 {[%emt 0:00:01]} Bc3 {[%emt 0:00:00]} 31. Nd3 {[%emt 0:00:00]} b6 {[%emt 0:00:01]} 32. e3 {[%emt 0:00:00]} Ke7 {[%emt 0:00:03]} 33. Rd1 {[%emt 0:00:01]} b5 {[%emt 0:00:05]} 34. axb5 {[%emt 0:00:01]} axb5 {[%emt 0:00:00]} 35. Nc5 {[%emt 0:00:01]} b4 {[%emt 0:00:00]} 36. exd4 {[%emt 0:00:01]} Kd6 {[%emt 0:00:01]} 37. Nb3 {[%emt 0:00:01]} Kd5 {[%emt 0:00:01]} 38. Rd3 {[%emt 0:00:00]} Be1 {[%emt 0:00:01] Zeit (Lag: Av=0.31s, max=0.4s)} 0-1

[Event "Stay Safe Play From Home 238"]
[Site "Emanuel Lasker Arena"]
[Date "2020.06.19"]
[Round "3"]
[White "Trotsky"]
[Black "Broken sword"]
[Result "0-1"]
[WhiteElo "1518"]
[BlackElo "2356"]
[Annotator "TA"]
[PlyCount "76"]
[EventDate "2020.06.19"]
[EventType "swiss (blitz)"]

{[%evp 11,76,-6,0,0,0,-14,-19,-39,-35,-571,-566,-674,-676,-664,-674,-1091,-1079,-1184,-1213,-1325,-1181,-1274,-1244,-1441,-1391,-1682,-1511,-1480,-1374,-1580,-1230,-1290,-1278,-2334,-1283,-1168,-745,-816,-746,-764,-745,-775,-706,-694,-680,-654,-610,-636,-581,-566,-555,-627,-619,-661,-629,-729,-711,-1485,-1472,-1437,-1399,-29991,-29982,-29992,-29993,-29998,-29987]} 1. d4 d5 2. e3 c5 3. c4 cxd4 4. exd4 Nf6 5. Be3 Nc6 6. Nc3 e6 7. a3 {B13: Caro-Kann: Exchange Variation and Panov-Botvinnik Attack.} Be7 8. c5 O-O {[#]} 9. Bd3 $146 {The position is equal.} ({Predecessor:} 9. Nf3 Ne4 10. Qc2 Nxc3 11. Qxc3 f6 12. b4 e5 13. Be2 a6 14. O-O Bg4 15. Qd2 {½-½ (43) Schmid,H-Schwarzburger,L Stuttgart 1979}) 9... e5 10. Qc2 $2 {[%mdl 8192] [#]} ({White should try} 10. Nge2 $15) 10... exd4 $19 11. Nf3 dxe3 12. fxe3 Bxc5 13. h4 Bxe3 14. Ng5 h6 15. Bh7+ Kh8 16. Qd3 Qe7 17. Ne2 Bg4 18. g3 Bxe2 19. Kxe2 Rae8 20. Kd1 Bf2 21. Kc2 Qe2+ 22. Kb3 Qxd3+ 23. Bxd3 Ne5 24. Bc2 Bxg3 25. Ka2 Bf4 26. Rag1 Ne4 27. Nxe4 dxe4 28. Bxe4 Nc6 29. Bc2 Be5 30. Rg2 Bf6 31. Rhg1 Nd4 32. Bd3 Re3 33. Bc4 b5 34. Bb3 Nxb3 35. Kb1 Nd4 36. b3 Rxb3+ {Black mates.} 37. Kc1 Rc8+ 38. Kd2 Rb2+ {White got outplayed after the opening} 0-1